000 00662nam a2200205 a 4500
005 20140412111257.0
008 000824s19uu xx 00 eng d
020 _a0-590-10137-4
050 _aTR(PS E
_bI 1975
100 _aBarchas, Sarah E.
245 _aI was walking down the road /
_cby Sarah E. Barchas ; pictures by Jack Kent.
260 _aNew York :
_bScholastic Inc,
_c1975.
300 _a1 v. (unp.) ; ill.
520 _aI was walking down the road. Then I saw a little toad. I caught it. I picked it up. I put in a cage.
650 _aPets--Fiction
650 _aChildren stories
999 _c103252
_d103252